| 000 | 00637nam a22002057a 4500 | ||
|---|---|---|---|
| 003 | 0 | ||
| 005 | 20230926140338.0 | ||
| 008 | 230926b xxu||||| |||| 00| 0 eng d | ||
| 020 | _a978-1-98465-921-7 | ||
| 050 |
_aHF 5548.8 _b.T413 2022 |
||
| 110 | _a3G E-Learning | ||
| 245 |
_aOrganizational psychology _c3G E-Learning |
||
| 250 | _a 2nd Edition | ||
| 260 |
_aNew York _b3G E-Learning LLC _cc2022. |
||
| 300 |
_axvi, 463 pages : _bcol. ill. ; _c26cm. |
||
| 500 | _aOrganizational psychology. | ||
| 504 | _aIncludes bibliographical references, glossary, and index. | ||
| 650 | _aOrganizational psychology. | ||
| 942 |
_2lcc _cBK |
||
| 999 |
_c365414 _d365414 |
||